Návrh a realizácia systému riadenia vybraných modulov linky MPS 500 pomocou PLC triedy Siemens
Salvato in:
| Autore principale: | |
|---|---|
| Altri autori: | |
| Natura: | Manoscritto Libro |
| Lingua: | slovacco |
| Pubblicazione: |
2019
|
| Soggetti: | |
| Accesso online: | http://is.stuba.sk/zp/portal_zp.pl?podrobnosti=134329 |
| Tags: |
Nessun Tag, puoi essere il primo ad aggiungerne!!
|
MARC
| LEADER | 00000ntm a22000003a 4500 | ||
|---|---|---|---|
| 001 | stuzp71943 | ||
| 003 | SK-STU | ||
| 005 | 20190622210913.0 | ||
| 007 | ta | ||
| 008 | 150427s2015----xo-----f-mn---000-0-slo-d | ||
| 040 | |a STU |b slo | ||
| 041 | 0 | |a slo | |
| 100 | 1 | |a Krchnák, Miloš |u 066000 |4 aut |U MTF Materiálovotechnologická fakulta |T MTF Ústav aplikovanej informatiky, automatizácie a mechatroniky |X 6974 |U M6000 |Y 86 |7 6974 | |
| 242 | 0 | 1 | |a Design and realization of control system of selected modules of the MPS 500 line based on PLC Siemens |y eng |
| 245 | 1 | 0 | |a Návrh a realizácia systému riadenia vybraných modulov linky MPS 500 pomocou PLC triedy Siemens |
| 260 | |c 2019 | ||
| 650 | 4 | |a Tia Portal |2 slo | |
| 650 | 4 | |a MPS 500 |2 slo | |
| 650 | 4 | |a PLC |2 slo | |
| 650 | 4 | |a simatic |2 slo | |
| 650 | 4 | |a simatic |2 eng | |
| 650 | 4 | |a MPS 500 |2 eng | |
| 650 | 4 | |a PLC |2 eng | |
| 650 | 4 | |a Tia Portal |2 eng | |
| 700 | 1 | |a Borkin, Dmitrii |u 066000 |k Z2 |4 ths |U MTF Materiálovotechnologická fakulta |T MTF Ústav aplikovanej informatiky, automatizácie a mechatroniky |X 87894 |U M6000 |Y 86 |7 87894 | |
| 856 | 4 | |u http://is.stuba.sk/zp/portal_zp.pl?podrobnosti=134329 | |
| 996 | |c M* BP-8707 |l MMSKP |s P |a 0 |w stuzp71943_0001 | ||